000 00299nam a2200121Ia 4500
008 220803s9999 xx 000 0 und d
041 _aeng
082 _a823 VIL
100 _aVilas S
_930113
245 _aRise Of The Sun Prince
260 _aAhmedabad
_bJaico Publishing House
_c2014
300 _a250p
999 _c18944
_d18944